[Event "Chess Summer Candidates"]
[Site "Aarhus"]
[Date "2002.07.05"]
[Round "1"]
[White "Bank, Pelle Rodkjaer"]
[Black "Jensen, Jacob Bjerre"]
[Result "1/2-1/2"]
[WhiteElo "2269"]
[BlackElo "2182"]
[PlyCount "64"]
[EventDate "2002.07.05"]
[EventType "tourn"]
[EventRounds "9"]
[EventCountry "DEN"]


1. e4 e6 2. d4 d5 3. Nd2 Nf6 4. e5 Nfd7 5. Bd3 c5 6. c3 Nc6 7. Ngf3 Qb6 8. O-O
cxd4 9. cxd4 Nxd4 10. Nxd4 Qxd4 11. Nf3 Qb6 12. Qc2 Qc5 13. Qe2 Be7 14. Be3 Qa5
15. a3 O-O 16. Rac1 Re8 17. Nd4 Nxe5 18. Bb1 a6 19. Qh5 Ng6 20. f4 Bf6 21. Nf3
Bd7 22. Ne5 Bb5 23. Ng4 Bxb2 24. f5 Bxc1 25. Rxc1 Rac8 26. Rd1 Qa4 27. Nf6+
gxf6 28. fxg6 hxg6 29. Bxg6 Qxd1+ 30. Qxd1 fxg6 31. h4 Rc3 32. Bd4 Rd3 1/2-1/2

[Event "Chess Summer Candidates"]
[Site "Aarhus"]
[Date "2002.07.05"]
[Round "1"]
[White "Hoiberg, Nina"]
[Black "Baekgaard, Martin"]
[Result "1-0"]
[WhiteElo "2268"]
[BlackElo "2221"]
[PlyCount "65"]
[EventDate "2002.07.05"]
[EventType "tourn"]
[EventRounds "9"]
[EventCountry "DEN"]


1. e4 e6 2. d4 d5 3. Nc3 Bb4 4. Bd3 c5 5. exd5 Qxd5 6. Kf1 Bxc3 7. bxc3 Nc6 8.
Be3 Nf6 9. c4 Qd8 10. d5 exd5 11. Bxc5 Qa5 12. Qe1+ Be6 13. Qxa5 Nxa5 14. cxd5
Nxd5 15. Ne2 b6 16. Ba3 O-O-O 17. Nd4 Bd7 18. Nf5 Bxf5 19. Bxf5+ Kb8 20. g3 Nc4
21. Bc1 Rhe8 22. Kg2 Nd6 23. Bg4 f5 24. Bf3 Ne4 25. c4 Ndc3 26. Bf4+ Kb7 27. a4
Rc8 28. Rhc1 Rxc4 29. Rc2 Rec8 30. Rac1 R4c5 31. Be3 R5c6 32. a5 Nd5 33. a6+
1-0

[Event "Chess Summer Candidates"]
[Site "Aarhus"]
[Date "2002.07.05"]
[Round "1"]
[White "Jacobsen, Bo"]
[Black "Matthiesen, Arne"]
[Result "0-1"]
[WhiteElo "2260"]
[BlackElo "2287"]
[PlyCount "60"]
[EventDate "2002.07.05"]
[EventType "tourn"]
[EventRounds "9"]
[EventCountry "DEN"]


1. b3 e5 2. Bb2 Nc6 3. a3 d6 4. e3 g6 5. f4 Bg7 6. Nf3 Nge7 7. Be2 O-O 8. Qc1
exf4 9. Bxg7 Kxg7 10. exf4 Nd5 11. Qb2+ Kg8 12. g3 Re8 13. Kf2 Rxe2+ 14. Kxe2
Bg4 15. Kf2 Bxf3 16. Kxf3 Qe7 17. Kf2 Nxf4 18. Nc3 Qf6 19. Qb1 Nd3+ 20. Kg2
Qf2+ 21. Kh3 Nf4+ 22. Kh4 h6 23. Ne4 g5+ 24. Nxg5 hxg5+ 25. Kxg5 f6+ 26. Kh4
Kf7 27. Qf1 Rh8+ 28. Kg4 Ne5+ 29. Kf5 Rh5+ 30. Ke4 d5# 0-1

[Event "Chess Summer Candidates"]
[Site "Aarhus"]
[Date "2002.07.05"]
[Round "1"]
[White "Lonborg, Morten"]
[Black "Jensen, Vagn"]
[Result "1/2-1/2"]
[WhiteElo "2152"]
[BlackElo "2183"]
[PlyCount "31"]
[EventDate "2002.07.05"]
[EventType "tourn"]
[EventRounds "9"]
[EventCountry "DEN"]


1. d4 d5 2. c4 e6 3. Nc3 c5 4. cxd5 cxd4 5. Qa4+ Bd7 6. Qxd4 exd5 7. Qxd5 Nc6
8. Nf3 Nf6 9. Qb3 Be6 10. Qa4 a6 11. Ne5 Rc8 12. e3 Bd5 13. Nxd5 Qxd5 14. Nxc6
Rxc6 15. Bd2 Ne4 16. Bc3 1/2-1/2

[Event "Chess Summer Candidates"]
[Site "Aarhus"]
[Date "2002.07.05"]
[Round "1"]
[White "Petersen, Tom Petri"]
[Black "Hagen, Andreas Skytte"]
[Result "1/2-1/2"]
[WhiteElo "2109"]
[BlackElo "2185"]
[PlyCount "89"]
[EventDate "2002.07.05"]
[EventType "tourn"]
[EventRounds "9"]
[EventCountry "DEN"]


1. g3 d5 2. Bg2 c6 3. d3 Bg4 4. Nf3 Nd7 5. O-O e6 6. b3 Be7 7. Bb2 Bf6 8. Qc1
Bxb2 9. Qxb2 Ngf6 10. c4 a5 11. cxd5 exd5 12. e4 dxe4 13. dxe4 O-O 14. e5 Nd5
15. Qd4 Bxf3 16. Bxf3 Qb6 17. Qb2 Rfe8 18. Re1 Nb4 19. Re3 Qc5 20. a3 Na6 21.
e6 Rxe6 22. Rxe6 fxe6 23. Nc3 Nf6 24. Re1 Re8 25. Ne4 Nxe4 26. Rxe4 Qd6 27. Kg2
Nc5 28. Rd4 Qe7 29. Qc3 e5 30. Rc4 Nd7 31. Qxa5 Nf6 32. Qb4 e4 33. Be2 Qd7 34.
Rd4 Nd5 35. Bc4 Kh8 36. Rxd5 cxd5 37. Bb5 Qd8 38. Bxe8 Qxe8 39. Qxb7 d4 40. Qd5
d3 41. a4 h6 42. Qd4 Qh5 43. Qxe4 d2 44. g4 Qc5 45. Qe8+ 1/2-1/2

[Event "Chess Summer Candidates"]
[Site "Aarhus"]
[Date "2002.07.06"]
[Round "2"]
[White "Baekgaard, Martin"]
[Black "Jacobsen, Bo"]
[Result "1/2-1/2"]
[WhiteElo "2221"]
[BlackElo "2260"]
[PlyCount "57"]
[EventDate "2002.07.05"]
[EventType "tourn"]
[EventRounds "9"]
[EventCountry "DEN"]


1. e4 e5 2. Nf3 Nc6 3. Bc4 Be7 4. c3 Nf6 5. d3 O-O 6. O-O d5 7. exd5 Nxd5 8.
Re1 Bf6 9. Nbd2 a6 10. Ne4 Nb6 11. Bb3 h6 12. h3 Re8 13. Nh2 Be6 14. Qf3 Bxb3
15. axb3 Nd7 16. Ng4 Bg5 17. Bxg5 hxg5 18. Qf5 Nf8 19. Re3 Nh7 20. Rf3 Qe7 21.
Re1 Rad8 22. d4 Rxd4 23. Nc5 Rd2 24. b4 f6 25. Qe4 Nd8 26. Ne3 c6 27. Nc4 Rd5
28. Ne3 Rd2 29. Nc4 1/2-1/2

[Event "Chess Summer Candidates"]
[Site "Aarhus"]
[Date "2002.07.06"]
[Round "2"]
[White "Bank, Pelle Rodkjaer"]
[Black "Hoiberg, Nina"]
[Result "1-0"]
[WhiteElo "2269"]
[BlackElo "2268"]
[PlyCount "145"]
[EventDate "2002.07.05"]
[EventType "tourn"]
[EventRounds "9"]
[EventCountry "DEN"]


1. e4 e5 2. Nc3 Nf6 3. g3 c6 4. d4 exd4 5. Qxd4 Qb6 6. Qxb6 axb6 7. Bg2 b5 8.
e5 Ng4 9. Nf3 d6 10. exd6 Bxd6 11. O-O O-O 12. Ne4 Bc7 13. Bd2 Na6 14. a4 b4
15. h3 Ne5 16. Nxe5 Bxe5 17. Rab1 h6 18. Rfe1 Bf5 19. c3 b3 20. g4 Bxe4 21.
Rxe4 Bf6 22. Be3 Rfd8 23. Bf1 Bg5 24. Bb6 Rd6 25. Bc4 Rc8 26. Rbe1 Nc7 27. Bxb3
Rd2 28. R1e2 Rxe2 29. Rxe2 Nd5 30. Bxd5 cxd5 31. Re5 Bc1 32. Re2 f6 33. Kf1 Kf7
34. Ke1 Bf4 35. Kd1 Rc4 36. a5 Be5 37. Kd2 h5 38. f3 hxg4 39. hxg4 Rf4 40. Ke3
Rc4 41. Kd3 Rf4 42. Re3 Rc4 43. Ke2 Ra4 44. Kd1 Rc4 45. Rd3 Ke6 46. Bd4 Ra4 47.
b4 Ra2 48. Rd2 Ra1+ 49. Ke2 Bf4 50. Be3 Be5 51. Kd3 Rf1 52. Rf2 Re1 53. Bd4 Kd6
54. Bxe5+ fxe5 55. Rh2 Rf1 56. Ke2 Rc1 57. Kd2 Rf1 58. Rh7 Rxf3 59. Rxg7 e4 60.
Rxb7 Rf2+ 61. Kd1 e3 62. a6 Rd2+ 63. Ke1 Ke5 64. Re7+ Kf4 65. a7 Ra2 66. b5 Kf3
67. Rf7+ Ke4 68. b6 Kd3 69. Kf1 e2+ 70. Kf2 Ra4 71. c4 dxc4 72. Rd7+ Kc3 73.
Rd8 1-0

[Event "Chess Summer Candidates"]
[Site "Aarhus"]
[Date "2002.07.06"]
[Round "2"]
[White "Jensen, Jacob Bjerre"]
[Black "Hagen, Andreas Skytte"]
[Result "1-0"]
[WhiteElo "2182"]
[BlackElo "2185"]
[PlyCount "59"]
[EventDate "2002.07.05"]
[EventType "tourn"]
[EventRounds "9"]
[EventCountry "DEN"]


1. d4 e6 2. Nf3 Nf6 3. c4 c5 4. d5 exd5 5. cxd5 d6 6. Nc3 g6 7. e4 Bg7 8. Be2
O-O 9. O-O Re8 10. Nd2 Na6 11. Re1 Nc7 12. a4 a6 13. a5 Bd7 14. Nc4 Nb5 15. Bf3
h6 16. h3 g5 17. Nxb5 Bxb5 18. Ne3 Bd7 19. Nf1 Nh7 20. Bg4 Nf8 21. Bd2 Ng6 22.
Ng3 Bxb2 23. Rb1 Be5 24. Bxd7 Qxd7 25. Nf5 Bg7 26. Qh5 Ne5 27. Nxh6+ Bxh6 28.
Qxh6 g4 29. Qg5+ Kf8 30. Qf6 1-0

[Event "Chess Summer Candidates"]
[Site "Aarhus"]
[Date "2002.07.06"]
[Round "2"]
[White "Jensen, Vagn"]
[Black "Petersen, Tom Petri"]
[Result "0-1"]
[WhiteElo "2183"]
[BlackElo "2109"]
[PlyCount "104"]
[EventDate "2002.07.05"]
[EventType "tourn"]
[EventRounds "9"]
[EventCountry "DEN"]


1. e4 g6 2. d4 Bg7 3. Nc3 d6 4. Nf3 Nf6 5. Bg5 c6 6. Qd2 Qa5 7. Bd3 Bg4 8.
O-O-O e5 9. dxe5 dxe5 10. Bc4 O-O 11. Qe3 Re8 12. Rd6 Qb4 13. Qd3 Nbd7 14. a3
Qa5 15. Qe3 h6 16. Bxh6 Qc5 17. Bxg7 Qxe3+ 18. fxe3 Kxg7 19. Ng5 Re7 20. Rf1
Ne8 21. Rd2 f6 22. Ne6+ Bxe6 23. Bxe6 Nc5 24. Ba2 Nc7 25. Rfd1 Rh8 26. b4 N5e6
27. Rd7 Kf8 28. h3 Ke8 29. R7d6 Kf7 30. Na4 Kg7 31. Rd7 Rhe8 32. Nc3 Kf8 33.
R7d6 a5 34. Rf1 Kg7 35. Kb2 Ra8 36. Bb3 axb4 37. axb4 Rae8 38. Rfd1 Na6 39. Ka3
Nac7 40. Kb2 Na6 41. Ka3 Nac7 42. Na4 Nb5+ 43. Kb2 Nxd6 44. Rxd6 Ng5 45. Nc3
Nf7 46. Rd2 Rd8 47. Rf2 Red7 48. Kc1 b5 49. g3 Rd6 50. h4 Nh6 51. Kb2 Ng4 52.
Rf3 Rd2 0-1

[Event "Chess Summer Candidates"]
[Site "Aarhus"]
[Date "2002.07.06"]
[Round "2"]
[White "Matthiesen, Arne"]
[Black "Lonborg, Morten"]
[Result "0-1"]
[WhiteElo "2287"]
[BlackElo "2152"]
[PlyCount "104"]
[EventDate "2002.07.05"]
[EventType "tourn"]
[EventRounds "9"]
[EventCountry "DEN"]


1. Nf3 c5 2. c4 Nf6 3. Nc3 b6 4. e4 d6 5. d4 cxd4 6. Nxd4 a6 7. f3 e6 8. Be3
Bb7 9. Be2 Be7 10. O-O O-O 11. a4 Nbd7 12. a5 Qc7 13. axb6 Nxb6 14. Rc1 Rac8
15. Na4 Nxa4 16. Qxa4 Qb8 17. b4 Rfd8 18. Rb1 d5 19. exd5 Qe5 20. Bf2 Nh5 21.
Rfe1 Nf4 22. Bf1 Qg5 23. g3 exd5 24. c5 Bf6 25. Qc2 Ng6 26. Bg2 Ne7 27. Qd3 Qg6
28. Red1 Qxd3 29. Rxd3 g6 30. Be3 Nc6 31. Nxc6 Bxc6 32. Bd4 Kg7 33. Ra1 Bb5 34.
Rd2 Rb8 35. Rb1 Bc6 36. Bf1 Bb5 37. h4 h5 38. Kf2 Bxf1 39. Kxf1 Rb5 40. Bxf6+
Kxf6 41. Ra2 Ra8 42. Ke2 a5 43. Kd3 Rab8 44. Kd4 axb4 45. Ra6+ Ke7 46. Kxd5 b3
47. Kc6 b2 48. Rb6 Rb3 49. Kc7 R8xb6 50. cxb6 Rc3+ 51. Kb8 Rb3 52. b7 Kd7 0-1

[Event "Chess Summer Candidates"]
[Site "Aarhus"]
[Date "2002.07.07"]
[Round "3"]
[White "Hagen, Andreas Skytte"]
[Black "Jensen, Vagn"]
[Result "1/2-1/2"]
[WhiteElo "2185"]
[BlackElo "2183"]
[PlyCount "44"]
[EventDate "2002.07.05"]
[EventType "tourn"]
[EventRounds "9"]
[EventCountry "DEN"]


1. c4 e5 2. g3 Nf6 3. Bg2 c6 4. d4 exd4 5. Qxd4 d5 6. cxd5 cxd5 7. Nf3 Nc6 8.
Qa4 Be7 9. O-O O-O 10. Nc3 Re8 11. Rd1 Na5 12. Bg5 Bd7 13. Qc2 Rc8 14. Rac1 Nc4
15. b3 Nd6 16. Qb2 Rxc3 17. Rxc3 Nfe4 18. Bxe7 Qxe7 19. Rxd5 Nxc3 20. Re5 Nxe2+
21. Qxe2 Qf6 22. Rxe8+ Bxe8 1/2-1/2

[Event "Chess Summer Candidates"]
[Site "Aarhus"]
[Date "2002.07.07"]
[Round "3"]
[White "Hoiberg, Nina"]
[Black "Jensen, Jacob Bjerre"]
[Result "1/2-1/2"]
[WhiteElo "2268"]
[BlackElo "2182"]
[PlyCount "26"]
[EventDate "2002.07.05"]
[EventType "tourn"]
[EventRounds "9"]
[EventCountry "DEN"]


1. e4 e6 2. Nf3 d5 3. e5 Bd7 4. a3 Ne7 5. b4 a5 6. b5 c5 7. bxc6 bxc6 8. d4 c5
9. dxc5 Ng6 10. Bd3 Bxc5 11. O-O Nc6 12. Re1 Qb6 13. Be3 Bxe3 1/2-1/2

[Event "Chess Summer Candidates"]
[Site "Aarhus"]
[Date "2002.07.07"]
[Round "3"]
[White "Jacobsen, Bo"]
[Black "Bank, Pelle Rodkjaer"]
[Result "0-1"]
[WhiteElo "2260"]
[BlackElo "2269"]
[PlyCount "34"]
[EventDate "2002.07.05"]
[EventType "tourn"]
[EventRounds "9"]
[EventCountry "DEN"]


1. g3 g6 2. Bg2 Bg7 3. c4 d6 4. Nc3 e5 5. Rb1 f5 6. b4 Nf6 7. e3 f4 8. exf4
exf4 9. Qe2+ Kf7 10. Qf3 Nc6 11. Qxf4 Re8+ 12. Kf1 Bf5 13. Bd5+ Nxd5 14. cxd5
Nd4 15. d3 Kg8 16. Ne4 Qd7 17. Kg2 Qb5 0-1

[Event "Chess Summer Candidates"]
[Site "Aarhus"]
[Date "2002.07.07"]
[Round "3"]
[White "Lonborg, Morten"]
[Black "Baekgaard, Martin"]
[Result "1/2-1/2"]
[WhiteElo "2152"]
[BlackElo "2221"]
[PlyCount "27"]
[EventDate "2002.07.05"]
[EventType "tourn"]
[EventRounds "9"]
[EventCountry "DEN"]


1. d4 f5 2. g3 Nf6 3. Bg2 g6 4. c4 d6 5. Nf3 Bg7 6. O-O O-O 7. Nc3 Qe8 8. Qc2
Na6 9. Re1 e5 10. e4 Nb4 11. Qe2 Nxe4 12. dxe5 dxe5 13. Nxe4 fxe4 14. Ng5
1/2-1/2

[Event "Chess Summer Candidates"]
[Site "Aarhus"]
[Date "2002.07.07"]
[Round "3"]
[White "Petersen, Tom Petri"]
[Black "Matthiesen, Arne"]
[Result "1/2-1/2"]
[WhiteElo "2109"]
[BlackElo "2287"]
[PlyCount "44"]
[EventDate "2002.07.05"]
[EventType "tourn"]
[EventRounds "9"]
[EventCountry "DEN"]


1. e4 e6 2. d3 d5 3. Nd2 Nf6 4. Ngf3 b6 5. g3 dxe4 6. dxe4 Nbd7 7. Bg2 Ba6 8.
c4 Bb7 9. Qe2 e5 10. O-O a5 11. Rd1 Bd6 12. Nh4 g6 13. Nb1 Qe7 14. Nc3 c6 15.
Bh6 O-O-O 16. Na4 Kc7 17. a3 Nc5 18. Nxc5 Bxc5 19. Rxd8 Rxd8 20. Bg5 Rd6 21.
Bh3 Qe8 22. Nf3 Nd7 1/2-1/2

[Event "Chess Summer Candidates"]
[Site "Aarhus"]
[Date "2002.07.08"]
[Round "4"]
[White "Baekgaard, Martin"]
[Black "Petersen, Tom Petri"]
[Result "1/2-1/2"]
[WhiteElo "2221"]
[BlackElo "2109"]
[PlyCount "117"]
[EventDate "2002.07.05"]
[EventType "tourn"]
[EventRounds "9"]
[EventCountry "DEN"]


1. e4 g6 2. d4 Bg7 3. Nc3 d6 4. Be3 c6 5. Nf3 Nf6 6. h3 O-O 7. Qd2 Nbd7 8. Bd3
e5 9. O-O Re8 10. Rfe1 Qe7 11. a4 a5 12. Rad1 Nf8 13. Bc4 Nh5 14. Ng5 Ne6 15.
Nxe6 fxe6 16. Be2 exd4 17. Bxd4 e5 18. Be3 Nf4 19. Bxf4 exf4 20. Qxf4 Be5 21.
Qe3 Rf8 22. Bc4+ Kg7 23. b3 Bf4 24. Qd3 Qh4 25. Ne2 Be5 26. f4 Rxf4 27. Nxf4
Qxf4 28. g3 Qh6 29. h4 Bg4 30. Rb1 Rb8 31. c3 Rc8 32. Qe3 b5 33. Bf1 Qxe3+ 34.
Rxe3 b4 35. Kg2 bxc3 36. Be2 Be6 37. Bc4 Bg4 38. Be2 c2 39. Rc1 Be6 40. Rxc2
Bd4 41. Rf3 c5 42. Bc4 Bxc4 43. Rxc4 Re8 44. Rf4 Rb8 45. Rf3 Re8 46. Rd3 Rxe4
47. Kf3 Re5 48. Rdxd4 cxd4 49. Rxd4 d5 50. b4 axb4 51. Rxb4 Re1 52. Kf2 Ra1 53.
Ke3 Ra3+ 54. Kd4 Rxg3 55. Kxd5 g5 56. hxg5 Rxg5+ 57. Kc6 h5 58. Rb5 Rxb5 59.
axb5 1/2-1/2

[Event "Chess Summer Candidates"]
[Site "Aarhus"]
[Date "2002.07.08"]
[Round "4"]
[White "Bank, Pelle Rodkjaer"]
[Black "Lonborg, Morten"]
[Result "0-1"]
[WhiteElo "2269"]
[BlackElo "2152"]
[PlyCount "64"]
[EventDate "2002.07.05"]
[EventType "tourn"]
[EventRounds "9"]
[EventCountry "DEN"]


1. d4 Nf6 2. c4 g6 3. Nc3 d5 4. cxd5 Nxd5 5. e4 Nxc3 6. bxc3 Bg7 7. Nf3 c5 8.
Rb1 O-O 9. Be2 cxd4 10. cxd4 Qa5+ 11. Bd2 Qxa2 12. O-O Qe6 13. Qc2 Qd6 14. Bb4
Qd8 15. d5 Nd7 16. Rfd1 a5 17. Ba3 Nf6 18. Nd4 a4 19. h3 Re8 20. Nb5 Nxe4 21.
Bd3 Nf6 22. Nc7 Ra5 23. Nxe8 Nxe8 24. Rb5 Ra8 25. Qe2 Nc7 26. Bxe7 Qe8 27. Rc5
Nxd5 28. Bb5 Qxe7 29. Rcxd5 Be6 30. R5d2 Qc7 31. Rc2 Qe5 32. Qd3 Bf5 0-1

[Event "Chess Summer Candidates"]
[Site "Aarhus"]
[Date "2002.07.08"]
[Round "4"]
[White "Hoiberg, Nina"]
[Black "Jacobsen, Bo"]
[Result "0-1"]
[WhiteElo "2268"]
[BlackElo "2260"]
[PlyCount "99"]
[EventDate "2002.07.05"]
[EventType "tourn"]
[EventRounds "9"]
[EventCountry "DEN"]


1. e4 g6 2. d4 Bg7 3. Nc3 c6 4. Nf3 b5 5. Bd3 d6 6. O-O Nd7 7. Re1 a6 8. a4 b4
9. Ne2 Nh6 10. h3 c5 11. Be3 Qc7 12. Nf4 Bb7 13. b3 O-O 14. Qd2 cxd4 15. Nxd4
Qc3 16. Qxc3 bxc3 17. Nd5 e5 18. Ne2 Bxd5 19. exd5 Rfe8 20. Nxc3 f5 21. Bxh6
Bxh6 22. Rad1 Rec8 23. Ne2 Nc5 24. g4 e4 25. Bc4 Nxa4 26. gxf5 Nb2 27. fxg6
Nxc4 28. gxh7+ Kxh7 29. bxc4 Rxc4 30. Rd4 Rxc2 31. Rxe4 a5 32. Nd4 Rc1 33. Rxc1
Bxc1 34. Nb3 Ba3 35. Kf1 a4 36. Nd4 Bb2 37. Re7+ Kh8 38. Nc2 a3 39. Rb7 Bg7 40.
f4 a2 41. Rc7 a1=Q+ 42. Nxa1 Rxa1+ 43. Kg2 Rd1 44. Kf3 Rxd5 45. Ke4 Rh5 46. Rd7
Bf8 47. f5 Rxh3 48. Kd5 Re3 49. f6 Re5+ 50. Kc6 0-1

[Event "Chess Summer Candidates"]
[Site "Aarhus"]
[Date "2002.07.08"]
[Round "4"]
[White "Jensen, Jacob Bjerre"]
[Black "Jensen, Vagn"]
[Result "0-1"]
[WhiteElo "2182"]
[BlackElo "2183"]
[PlyCount "72"]
[EventDate "2002.07.05"]
[EventType "tourn"]
[EventRounds "9"]
[EventCountry "DEN"]


1. Nf3 c5 2. g3 Nc6 3. Bg2 e5 4. O-O g6 5. d3 Bg7 6. c4 d6 7. Nc3 Nge7 8. Rb1
O-O 9. a3 a5 10. Ne1 f5 11. Nc2 f4 12. b4 axb4 13. axb4 Nxb4 14. Nxb4 cxb4 15.
Nd5 Nxd5 16. Bxd5+ Kh8 17. Rxb4 Bh3 18. Bg2 Bxg2 19. Kxg2 Qd7 20. Qb3 Rf7 21.
Rb6 Ra1 22. Qb4 f3+ 23. exf3 Qf5 24. Qd2 Qxf3+ 25. Kg1 Bf8 26. Qb2 Ra6 27. Be3
h5 28. h4 Rxb6 29. Qxb6 Be7 30. Ra1 g5 31. Bxg5 Bxg5 32. hxg5 h4 33. g6 h3 34.
Ra8+ Kg7 35. Rg8+ Kxg8 36. gxf7+ Kh7 0-1

[Event "Chess Summer Candidates"]
[Site "Aarhus"]
[Date "2002.07.08"]
[Round "4"]
[White "Matthiesen, Arne"]
[Black "Hagen, Andreas Skytte"]
[Result "1/2-1/2"]
[WhiteElo "2287"]
[BlackElo "2185"]
[PlyCount "97"]
[EventDate "2002.07.05"]
[EventType "tourn"]
[EventRounds "9"]
[EventCountry "DEN"]


1. Nf3 Nf6 2. c4 e6 3. Nc3 c5 4. g3 b6 5. Bg2 Bb7 6. O-O Be7 7. b3 O-O 8. Bb2
d6 9. d4 cxd4 10. Qxd4 a6 11. Rfd1 Nbd7 12. Rac1 Qc7 13. Qe3 Rfe8 14. Nd4 Bf8
15. Bxb7 Qxb7 16. Qf3 Qxf3 17. exf3 Rac8 18. Kg2 g5 19. f4 gxf4 20. gxf4 Rc5
21. f5 exf5 22. Ba3 Rce5 23. f4 Re3 24. Nxf5 R3e6 25. Kf3 h5 26. h3 Nc5 27. Bb2
Kh7 28. Rc2 Re1 29. b4 Rxd1 30. Nxd1 Nd3 31. Rd2 Nxb2 32. Nxb2 d5 33. cxd5 Bxb4
34. Rd1 Rd8 35. d6 b5 36. Rg1 Ne8 37. Nd3 Bxd6 38. Ne5 Bxe5 39. fxe5 b4 40. h4
Rd2 41. Rg5 f6 42. exf6 Nxf6 43. Rg7+ Kh8 44. Rg6 Nd5 45. Rd6 Rd1 46. Rd8+ Kh7
47. Rd7+ Kh8 48. Rd8+ Kh7 49. Rd7+ 1/2-1/2

[Event "Chess Summer Candidates"]
[Site "Aarhus"]
[Date "2002.07.09"]
[Round "5"]
[White "Hagen, Andreas Skytte"]
[Black "Baekgaard, Martin"]
[Result "0-1"]
[WhiteElo "2185"]
[BlackElo "2221"]
[PlyCount "56"]
[EventDate "2002.07.05"]
[EventType "tourn"]
[EventRounds "9"]
[EventCountry "DEN"]


1. c4 Nf6 2. Nc3 c5 3. Nf3 Nc6 4. g3 g6 5. d4 cxd4 6. Nxd4 d6 7. Bg2 Bd7 8. O-O
Bg7 9. Nb3 b6 10. Nd5 O-O 11. Bg5 Nxd5 12. cxd5 Ne5 13. Nd4 h6 14. Bd2 Rc8 15.
Rc1 b5 16. b3 Qb6 17. Bc3 b4 18. Ba1 Rc5 19. Qd2 Rfc8 20. Rxc5 dxc5 21. Nf3
Nxf3+ 22. Bxf3 c4 23. bxc4 Rxc4 24. Bxg7 Kxg7 25. e4 Qc5 26. e5 Rc2 27. Qf4 Bh3
28. Bd1 Rc4 0-1

[Event "Chess Summer Candidates"]
[Site "Aarhus"]
[Date "2002.07.09"]
[Round "5"]
[White "Jacobsen, Bo"]
[Black "Jensen, Jacob Bjerre"]
[Result "0-1"]
[WhiteElo "2260"]
[BlackElo "2182"]
[PlyCount "72"]
[EventDate "2002.07.05"]
[EventType "tourn"]
[EventRounds "9"]
[EventCountry "DEN"]


1. g3 c5 2. c4 Nc6 3. Bg2 g6 4. h4 h6 5. Nc3 Bg7 6. d3 d6 7. Bd2 e5 8. Nf3 Nge7
9. O-O O-O 10. Ne1 Be6 11. Nc2 d5 12. cxd5 Nxd5 13. Ne3 Nde7 14. Qa4 f5 15. Qb5
e4 16. dxe4 Qxd2 17. Rfd1 Bxc3 18. Rxd2 Bxd2 19. Nd5 Rad8 20. Qxc5 Rf7 21. a3
Ba5 22. b4 Bxd5 23. exd5 Bb6 24. Qc4 Nb8 25. Rd1 Nc8 26. Qf4 Nd6 27. Qxh6 Rg7
28. e3 Nd7 29. h5 Ne5 30. Qf4 Ng4 31. hxg6 Rxg6 32. a4 Re8 33. a5 Nxf2 34. axb6
Nxd1 35. bxa7 Nc3 36. g4 Ne2+ 0-1

[Event "Chess Summer Candidates"]
[Site "Aarhus"]
[Date "2002.07.09"]
[Round "5"]
[White "Jensen, Vagn"]
[Black "Matthiesen, Arne"]
[Result "1/2-1/2"]
[WhiteElo "2183"]
[BlackElo "2287"]
[PlyCount "39"]
[EventDate "2002.07.05"]
[EventType "tourn"]
[EventRounds "9"]
[EventCountry "DEN"]


1. e4 e6 2. d4 d5 3. Nc3 dxe4 4. Nxe4 Nd7 5. Nf3 Ngf6 6. Nxf6+ Nxf6 7. Bd3 c5
8. dxc5 Bxc5 9. O-O O-O 10. Bg5 b6 11. Qe2 Bb7 12. Rad1 Qc7 13. Ne5 Rfd8 14. c3
Rd5 15. Bxf6 gxf6 16. Ng4 Be7 17. Be4 Rxd1 18. Rxd1 Bxe4 19. Qxe4 Rd8 20. Rxd8+
1/2-1/2

[Event "Chess Summer Candidates"]
[Site "Aarhus"]
[Date "2002.07.09"]
[Round "5"]
[White "Lonborg, Morten"]
[Black "Hoiberg, Nina"]
[Result "1/2-1/2"]
[WhiteElo "2152"]
[BlackElo "2268"]
[PlyCount "25"]
[EventDate "2002.07.05"]
[EventType "tourn"]
[EventRounds "9"]
[EventCountry "DEN"]


1. d4 Nf6 2. c4 e5 3. dxe5 Ne4 4. Nd2 Bb4 5. a3 Bxd2+ 6. Bxd2 Nxd2 7. Qxd2 Nc6
8. Nf3 Qe7 9. Qc3 b6 10. g3 Bb7 11. Bg2 Nxe5 12. O-O f6 13. Nxe5 1/2-1/2

[Event "Chess Summer Candidates"]
[Site "Aarhus"]
[Date "2002.07.09"]
[Round "5"]
[White "Petersen, Tom Petri"]
[Black "Bank, Pelle Rodkjaer"]
[Result "1/2-1/2"]
[WhiteElo "2109"]
[BlackElo "2269"]
[PlyCount "85"]
[EventDate "2002.07.05"]
[EventType "tourn"]
[EventRounds "9"]
[EventCountry "DEN"]


1. e4 g6 2. Nc3 Bg7 3. g3 d6 4. Bg2 Nc6 5. d3 Nd4 6. Be3 e5 7. Nce2 Be6 8. c3
Nxe2 9. Nxe2 Nf6 10. O-O O-O 11. h3 Qd7 12. Kh2 d5 13. f4 dxe4 14. dxe4 Qxd1
15. Rfxd1 Bc4 16. Ng1 Rfe8 17. fxe5 Rxe5 18. Bf4 Re7 19. b3 Ba6 20. e5 Nh5 21.
Nf3 Nxf4 22. gxf4 f6 23. Re1 Rae8 24. Rad1 fxe5 25. fxe5 c5 26. h4 Bb5 27. Rd5
b6 28. c4 Bc6 29. Rd3 Bxf3 30. Bxf3 Bxe5+ 31. Kg2 Bd4 32. Rxe7 Rxe7 33. a4 Kg7
34. Rd2 Re1 35. b4 Rg1+ 36. Kh2 Rf1 37. Kg2 Rg1+ 38. Kh2 Ra1 39. bxc5 bxc5 40.
Bc6 Ra3 41. Re2 Kf6 42. Kg2 Be3 43. Rb2 1/2-1/2

[Event "Chess Summer Candidates"]
[Site "Aarhus"]
[Date "2002.07.10"]
[Round "6"]
[White "Baekgaard, Martin"]
[Black "Jensen, Vagn"]
[Result "1-0"]
[WhiteElo "2221"]
[BlackElo "2183"]
[PlyCount "101"]
[EventDate "2002.07.05"]
[EventType "tourn"]
[EventRounds "9"]
[EventCountry "DEN"]


1. d4 d5 2. c4 dxc4 3. Nf3 c5 4. d5 e6 5. Nc3 exd5 6. Qxd5 Qxd5 7. Nxd5 Bd6 8.
e4 Nc6 9. Bxc4 Nge7 10. O-O Bg4 11. Nd2 O-O 12. h3 Be6 13. Rd1 Rad8 14. a3 Nd4
15. Nb3 Bxd5 16. exd5 Nxb3 17. Bxb3 Nf5 18. Bc4 Be5 19. Rb1 Nd6 20. Be2 b5 21.
Be3 Rc8 22. Rdc1 Bd4 23. Bxd4 cxd4 24. Rd1 Rfe8 25. Bf3 Rc2 26. Rxd4 Re5 27.
Rdd1 Re8 28. Rd4 a5 29. Kf1 Kf8 30. Bd1 Rc7 31. g4 h6 32. Bb3 Re5 33. Re1 Rxe1+
34. Kxe1 Ke7 35. Kd2 Rc8 36. Ba2 Ne8 37. Rd3 Kd6 38. Rc3 Rc5 39. Kd3 Nf6 40.
Rxc5 Kxc5 41. d6 Kxd6 42. Bxf7 g5 43. Kd4 b4 44. axb4 axb4 45. Bb3 Nd7 46. Bd5
Ne5 47. Be4 Nd7 48. Kc4 b3 49. Kd4 Nf6 50. Bf3 Nd7 51. Bd5 1-0

[Event "Chess Summer Candidates"]
[Site "Aarhus"]
[Date "2002.07.10"]
[Round "6"]
[White "Bank, Pelle Rodkjaer"]
[Black "Hagen, Andreas Skytte"]
[Result "1-0"]
[WhiteElo "2269"]
[BlackElo "2185"]
[PlyCount "117"]
[EventDate "2002.07.05"]
[EventType "tourn"]
[EventRounds "9"]
[EventCountry "DEN"]


1. e4 e6 2. d4 d5 3. Nd2 c5 4. exd5 Qxd5 5. Ngf3 cxd4 6. Bc4 Qd6 7. Nb3 Qb4+ 8.
Nfd2 Nc6 9. O-O Nf6 10. Qe2 Bd7 11. Nf3 Be7 12. Rd1 O-O 13. Nbxd4 Nxd4 14. Nxd4
Rfd8 15. c3 Qc5 16. Bf4 Rac8 17. Bb3 b5 18. Be3 Qe5 19. Nf3 Qc7 20. Bd4 a6 21.
a4 Qb7 22. Ne5 Be8 23. Bc2 Bc5 24. Bxc5 Rxd1+ 25. Rxd1 Rxc5 26. axb5 axb5 27.
Ng4 Nxg4 28. Qxg4 Rd5 29. Rxd5 Qxd5 30. Qe4 Qxe4 31. Bxe4 f5 32. Bd3 Kf7 33. f4
Kf6 34. Kf2 e5 35. fxe5+ Kxe5 36. g3 g5 37. g4 fxg4 38. Bxh7 Kf4 39. Bd3 Bc6
40. b4 Bd7 41. c4 bxc4 42. Bxc4 Be8 43. Bf1 Bc6 44. b5 Bxb5 45. Bxb5 Ke5 46.
Ke3 Kf6 47. Ke4 Ke6 48. Bd3 Kf6 49. Kd5 Kg7 50. Ke5 Kh6 51. Be2 Kg7 52. Ke6 Kg6
53. Bd1 Kg7 54. Ba4 Kg6 55. Be8+ Kg7 56. Bf7 Kh6 57. Kf6 Kh7 58. Bh5 Kg8 59.
Bg6 1-0